Systém ochrany vkladov
Princíp systému poistenia vkladov. Systém poistenia vkladov v krajinách Európskej únie. Systém ochrany vkladov na Slovensku.
Uložené v:
| Hlavný autor: | |
|---|---|
| Médium: | Kapitola |
| Jazyk: | Slovak |
| Predmet: | |
| Tagy: |
Žiadne tagy, Buďte prvý, kto otaguje tento záznam!
|
MARC
| LEADER | 00000naa a2200000 4500 | ||
|---|---|---|---|
| 001 | r034159 | ||
| 005 | 20221129103302.0 | ||
| 041 | 0 | |a slo | |
| 044 | |a SK | ||
| 245 | 1 | 0 | |a Systém ochrany vkladov |c Peter Trúchly |
| 520 | |a Princíp systému poistenia vkladov. Systém poistenia vkladov v krajinách Európskej únie. Systém ochrany vkladov na Slovensku. | ||
| 610 | 2 | 0 | |a ochrana vkladov |
| 610 | 2 | 0 | |a poistenie |
| 610 | 2 | 0 | |a Slovensko |
| 610 | 2 | 0 | |a depozity bankové |
| 610 | 2 | 0 | |a vklady |
| 100 | 1 | |a Trúchly, Peter | |